「き」が2つ付く駅名 - Statistics

General Stats
  • This quiz has been taken 41 times
  • The average score is 9 of 36
Answer Stats
頭文字 都道府県 駅名 読み方 % Correct
「き」 大分県 杵築 きつき
59%
「き」 和歌山県 紀伊日置 きいひき
50%
「つ」 宮城県 槻木 つきのき
47%
「き」 島根県 木次 きすき
44%
「き」 群馬県 北高崎 きたたかさき
41%
「か」 新潟県 柿崎 かきざき
38%
「き」 群馬県 木崎 きざき
38%
「け」 神奈川県 京急川崎 けいきゅうかわさき
38%
「き」 神奈川県 北茅ケ崎 きたちがさき
34%
「き」 岩手県 吉里吉里 きりきり
34%
「あ」 広島県 安芸幸崎 あきさいざき
31%
「つ」 千葉県 月崎 つきざき
31%
「き」 徳島県 木岐 きき
28%
「き」 長崎県 喜々津 ききつ
28%
「も」 山形県 茂吉記念館前 もきちきねんかんまえ
28%
「き」 岐阜県 北大垣 きたおおがき
25%
「き」 愛知県 北岡崎 きたおかざき
25%
「と」 京都府 等持院・立命館大学衣笠キャンパス前 とうじいん・りつめいかんだいがくきぬがさきゃんぱすまえ
25%
「あ」 愛知県 愛・地球博記念公園 あい・ちきゅうはくきねんこうえん
22%
「き」 兵庫県 城崎温泉 きのさきおんせん
22%
「な」 長崎県 長崎駅前 ながさきえきまえ
22%
「き」 北海道 桔梗 ききょう
19%
「き」 岡山県 吉備真備 きびのまきび
19%
「し」 長野県 信濃木崎 しなのきざき
19%
「は」 福岡県 箱崎九大前 はこざききゅうだいまえ
19%
「き」 青森県 北常盤 きたときわ
16%
「き」 福岡県 九州鉄道記念館 きゅうしゅうてつどうきねんかん
16%
「い」 福島県 磐城常葉 いわきときわ
13%
「き」 大阪府 衣摺加美北 きずりかみきた
13%
「き」 静岡県 狐ヶ崎 きつねがさき
13%
「き」 兵庫県 旧居留地・大丸前 きゅうきょりゅうち・だいまるまえ
13%
「き」 群馬県 桐生球場前 きりゅうきゅうじょうまえ
13%
「く」 福岡県 黒崎駅前 くろさきえきまえ
9%
「き」 三重県 桔梗が丘 ききょうがおか
6%
「な」 神奈川県 並木北 なみききた
6%
「き」 東京都 清滝 きよたき
3%
No matching quizzes found
Score Distribution
Percent of People with Each Score
Percentile by Number Answered
Your Score History
You have not taken this quiz